[Event "6th Altibox Norway Chess 2018 Blitz"]
[Site "Stavanger"]
[Date "2018.05.27"]
[Round "8.4"]
[White "Caruana, Fabiano"]
[Black "So, Wesley"]
[Result "0-1"]
[WhiteElo "2814"]
[BlackElo "2824"]
[Annotator "TA"]
[PlyCount "110"]
[EventDate "2018.05.26"]
[EventType "tourn"]
[EventCountry "NOR"]

{[%evp 17,110,27,13,23,28,17,14,14,40,20,49,55,49,29,22,13,27,29,70,71,64,65,60,27,82,14,16,0,11,0,0,-79,-42,-170,-176,-211,-157,-333,-324,-325,-304,-421,-464,-441,-233,-206,0,-421,-423,-457,-141,-109,0,-426,-332,-612,-251,-235,-214,-374,-418,-423,-420,-360,-251,-902,-893,-892,-888,-791,-643,-912,-896,-1139,-1049,-1103,-794,-1004,-1081,-1043,-986,-6794,-6702,-6399,-6399,-5377,-3995,-2709,-2688,-6714,-1588,-29982,-29970,-29994,-29995]} 1. c4 c5 2. Nf3 Nc6 3. Nc3 g6 4. g3 Bg7 5. Bg2 d6 6. O-O Bf5 7. h3 {A37: Englische Eröffnung (Symmetrische Variante)} (7. d3 Qd7 8. Nd5 Rc8 9. Rb1 Bh3 10. Bxh3 Qxh3 11. b4 cxb4 12. Nxb4 Qd7 13. Qa4 Nxb4 14. Rxb4 b6 15. Qxd7+ Kxd7 {0-1 (47) Wojtaszek,R (2738)-Piorun,K (2653) Zgierz 2018}) 7... Qd7 8. Kh2 Nf6 9. d3 h6 {LiveBook: 3 Partien} 10. e4 Be6 11. Be3 $146 ({Vorgänger:} 11. Nd5 g5 12. Ne1 g4 13. h4 Nh5 14. Rb1 f5 15. f4 O-O {½-½ (15) Mousavi,S (2319)-Golizadeh,A (2508) Teheran 2014}) 11... g5 12. Ng1 {[%cal Bf3g1,Bg1e2,Be2f4][%mdl 32]} g4 13. h4 $1 O-O 14. Nge2 Qd8 15. Nf4 Bd7 16. Rb1 Kh7 17. Ncd5 Ng8 18. b4 b6 {Mit der Idee ...e6.} 19. Nh5 Be5 20. Bf4 Bh8 (20... Bxf4 $11 21. Nhxf4 e6) 21. bxc5 (21. Bc1 $16) 21... bxc5 $11 22. Be3 Rb8 23. Rxb8 Qxb8 24. Bd2 {[#]} (24. Bc1 $11) 24... Qb2 $1 $17 25. Re1 ({Günstiger ist} 25. f4 $15) 25... Qxa2 $19 26. Re2 Qa1 27. Bc1 $2 (27. Qxa1 $17 Bxa1 28. Re1) 27... Rb8 28. Re1 Rb1 29. Qd2 Be5 30. Qe3 Qd4 (30... e6 $142 31. Nc7 Nb4) 31. Qe2 Qa1 $2 (31... Nb4 32. Nhf4 Qa1) 32. Qe3 $1 e6 33. Nc7 Qd4 $2 (33... Nb4 $19 34. Rh1 Nc2) 34. Qe2 $17 Qa1 $2 {[%mdl 8192]} (34... Nce7 $17 35. Rf1 Qa1) 35. Qe3 $1 $19 Nd4 {[#] Und weiter mit ...Sc2 wäre nett.} 36. Rf1 $2 (36. Bd2) 36... Nc2 (36... Nb3 $142 37. Qe2 Rxc1 38. Rxc1 Qxc1 39. Qxg4 Nd4) 37. Qd2 Qc3 38. Qd1 $2 (38. Qxc3 Bxc3 39. f3) 38... Nd4 39. Nb5 Bxb5 40. cxb5 Qc2 ({Weniger gut wäre} 40... Nxb5 41. Qxg4 Qxd3 42. f4 $17) 41. Qxg4 $2 (41. Qxc2 Nxc2 42. Kh1) 41... Rxc1 42. Rxc1 Qxc1 43. f4 Bh8 44. e5 {Droht Matt per Le4+.} d5 45. Qh3 Qd1 46. g4 Qe2 47. Qg3 Ne7 48. Kh1 Ng6 49. Nf6+ Bxf6 50. exf6 Qd1+ 51. Kh2 Ne2 52. Qf2 Ngxf4 53. Qxc5 Kg6 {( -> ...De1)} 54. h5+ Kxf6 55. Qxa7 d4 {Precision: Weiß = 35%, Schwarz = 50%.} 0-1

[Event "6th Altibox Norway Chess 2018 Blitz"]
[Site "Stavanger"]
[Date "2018.05.27"]
[Round "8.5"]
[White "Anand, Viswanathan"]
[Black "Nakamura, Hikaru"]
[Result "1/2-1/2"]
[WhiteElo "2784"]
[BlackElo "2869"]
[Annotator "TA"]
[PlyCount "78"]
[EventDate "2018.05.26"]
[EventType "tourn"]
[EventCountry "NOR"]

{[%evp 14,78,15,2,-7,0,0,-2,0,0,0,0,0,0,0,-6,0,-6,9,0,0,0,12,14,11,0,0,0,11,5,9,5,4,6,16,-9,0,0,3,6,5,2,66,42,138,138,113,16,16,10,10,15,11,0,0,0,0,0,0,0,0,0,0,0,0,0,0]} 1. e4 e5 2. Nf3 Nc6 3. Bb5 Nf6 4. d3 Bc5 5. c3 O-O 6. O-O {C65: Ruy Lopez: Berlin Defence (3...Nf6), unusual lines and 4 0-0 Bc5} Re8 7. Re1 (7. Nbd2 a6 8. Bxc6 dxc6 9. Nc4 Bd6 10. Bg5 b5 11. Ne3 Qe7 12. Nh4 Qe6 13. Nhf5 Bf8 {½-½ (53) Caruana,F (2804)-Nakamura,H (2787) Saint Louis 2018}) (7. Nbd2 a6 8. Ba4 d5 9. Qe2 b5 10. Bb3 d4 11. Bc2 Bb6 12. cxd4 Nxd4 13. Nxd4 Bxd4 {½-½ (39) Anand,V (2770)-Nakamura,H (2787) Leuven 2016}) 7... a6 8. Ba4 {LiveBook: 23 Games} d5 9. Nbd2 b5 {[#] Threatens to win with ...Ng4.} 10. Bc2 Be6 $146 ({Predecessor:} 10... Bg4 11. exd5 Nxd5 12. Ne4 Bf8 13. Bd2 h6 {½-½ (35) Toca,A (2150)-Debnar,I (2153) ICCF email 2016}) 11. exd5 Bxd5 {And now ...Ng4 would win.} 12. Ne4 Nxe4 13. dxe4 Be6 14. Bb3 Qxd1 15. Rxd1 f6 16. Bxe6+ Rxe6 17. Kf1 Rd6 18. Rxd6 Bxd6 19. Be3 Kf7 20. Ke2 Ke6 21. Nd2 Rb8 22. g4 a5 23. h4 a4 24. Rc1 Na5 25. b4 Nb7 26. c4 Bxb4 27. cxb5 Nd6 (27... Bxd2 $11 28. Kxd2 (28. Bxd2 Nd6 $11) 28... Kd7) 28. Rxc7 $14 Bxd2 (28... Rxb5 $14 29. Rxg7 Bxd2 30. Kxd2 Nxe4+ 31. Kd3 Nd6) 29. Kxd2 $16 ({Don't play} 29. Bxd2 $6 Rxb5 30. Be3 g5 $11) 29... Rxb5 30. Rxg7 $14 {[%mdl 4096] Endgame KRB-KRN} (30. Kd3 $16) 30... Rb2+ $11 {The position is equal.} 31. Kd3 {[#] Strongly threatening Ra7.} Rxa2 32. Rxh7 Ra3+ 33. Kc2 Nxe4 34. Ra7 Nxf2 35. Bxf2 Ra2+ 36. Kd3 {Hoping for Ra6+.} Rxf2 37. Rxa4 Rh2 38. h5 f5 39. Ra6+ Kf7 {Precision: White = 67%, Black = 58%.} 1/2-1/2

[Event "6th Altibox Norway Chess 2018 Blitz"]
[Site "Stavanger"]
[Date "2018.05.27"]
[Round "9.2"]
[White "Karjakin, Sergey"]
[Black "Anand, Viswanathan"]
[Result "1/2-1/2"]
[WhiteElo "2838"]
[BlackElo "2784"]
[Annotator "TA"]
[PlyCount "47"]
[EventDate "2018.05.26"]
[EventType "tourn"]
[EventCountry "NOR"]

{[%evp 13,47,20,16,6,10,10,10,0,-1,0,11,-8,-9,-10,0,-28,-25,-36,-39,-46,-46,-49,-27,-30,-24,-29,0,-24,-27,-16,6,0,0,-18,0,0]} 1. b3 d5 2. Bb2 c5 3. e3 Nc6 4. Bb5 Bd7 5. Nf3 Nf6 6. O-O e6 7. c4 {A06: Réti Opening:1 Nf3 d5} (7. d3 Bd6 8. Bxc6 Bxc6 9. Ne5 Qc7 10. f4 O-O-O 11. Nd2 Kb8 12. Qe2 Rhg8 13. c4 Ka8 14. Rac1 d4 15. exd4 cxd4 16. Ndf3 Bxf3 17. Rxf3 g5 18. c5 Bxe5 19. Qxe5 Qxe5 20. fxe5 {1-0 (50) Alekseev,E (2616)-Eljanov,P (2711) Riadh 2017}) 7... dxc4 {LiveBook: 3 Games} 8. Bxc4 Be7 9. Be2 O-O 10. Na3 Nd5 11. Nc4 Bf6 12. Rc1 $146 ({Predecessor:} 12. Qc1 Bxb2 13. Qxb2 {0-1 (60) Devereaux,M (2385)-Halldorsson,J (2195) Reykjavik 2011}) 12... Bxb2 13. Nxb2 Qe7 14. Qc2 b6 15. Nc4 e5 16. d3 Rfe8 17. Qb2 Bg4 {[%cal Bd7g4,Bg4h5,Bh5g6][%mdl 32]} 18. h3 Bh5 19. Rfd1 Bg6 20. a3 Rad8 21. Ncd2 Na5 {The position is equal.} 22. Nc4 {[%cal Rc4e5]} Nc6 $1 23. Ncd2 Na5 24. Nc4 {Precision: White = 61%, Black = 58%.} 1/2-1/2

[Event "6th Altibox Norway Chess 2018 Blitz"]
[Site "Stavanger"]
[Date "2018.05.27"]
[Round "9.3"]
[White "Mamedyarov, Shakhriyar"]
[Black "Ding, Liren"]
[Result "1-0"]
[WhiteElo "2730"]
[BlackElo "2793"]
[Annotator "TA"]
[PlyCount "49"]
[EventDate "2018.05.26"]
[EventType "tourn"]
[EventCountry "NOR"]

{[%evp 10,49,0,-2,47,-32,0,0,0,0,0,-168,91,73,94,87,117,119,121,123,180,185,174,158,136,145,229,206,241,222,216,213,289,277,367,379,392,384,394,378,521,511]} 1. d4 Nf6 2. Bg5 d5 3. Bxf6 exf6 4. e3 Bd6 5. Bd3 O-O 6. Qf3 {LiveBook: 15 Partien} (6. Nd2 {feels hotter.} c6 7. c4 g6 8. Ngf3 Nd7 9. h4) 6... c5 {D00: Damenbauernspiele} (6... c6 7. Nd2 Nd7 8. Ne2 Re8 9. O-O-O Nf8 10. g4 c5 11. dxc5 Bxc5 12. h4 Be6 13. Nb3 Be7 14. Rdg1 a5 15. Nbd4 a4 16. g5 a3 {1-0 (25) Cheng,B (2485)-Leenhouts,K (2377) Amsterdam 2017}) 7. dxc5 $146 (7. Qxd5 $14 Qb6 8. Qb3) ({Vorgänger:} 7. Ne2 Nc6 8. c3 c4 9. Bc2 Be6 10. Nd2 Qd7 11. Nf4 Ne7 12. h3 b5 13. e4 Rfe8 14. O-O {1-0 (39) Hort,V-Grabler Gloggnitz 1971}) 7... Bxc5 (7... Be5 $5 {[%cal Re5b2]} 8. Nc3 d4 $11) 8. Nc3 Be6 {Die Stellung ist ausgeglichen.} 9. O-O-O Nc6 10. Nxd5 $2 (10. Nge2 $11 {und Weiss ist OK.}) 10... Ne5 $2 ({Besser ist} 10... Bxd5 $19 11. Qxd5 (11. Bxh7+ $2 Kxh7 12. Qxd5 Qe7 $19) 11... Qxd5 12. Bxh7+ Kxh7 13. Rxd5 Bb6) 11. Qe4 $40 {[%csl Gd3][%cal Re4h7][%mdl 128] Weiss greift entschieden an.} Nxd3+ 12. Qxd3 Qa5 13. Qc3 $1 {[%cal Rc3a5]} Qxa2 14. Qxc5 {zielt auf Se7+ ab.} Qa1+ (14... Rfd8 $16 15. e4 Bxd5 16. Rxd5 (16. exd5 Qa1+ 17. Kd2 Qxb2 $14) 16... Qa1+ 17. Kd2 Qf1) 15. Kd2 $18 Qxb2 {Droht stark ...Lxd5.} 16. Qb4 Qe5 17. Nf4 a5 {[#]} (17... Rfd8+ $16 {ist eine bessere Verteidigung.} 18. Nd3 a5) 18. Qa3 $1 Rfd8+ 19. Kc1 Rxd1+ 20. Kxd1 b5 21. Nf3 b4 {Droht ...Dxf4 und aus.} 22. Nxe5 bxa3 23. Nxe6 a2 24. Kd2 Rb8 {[#]} 25. Ra1 $1 {Precision: Weiß = 83%, Schwarz = 29%.} 1-0

[Event "6th Altibox Norway Chess 2018 Blitz"]
[Site "Stavanger"]
[Date "2018.05.27"]
[Round "9.4"]
[White "Aronian, Levon"]
[Black "Caruana, Fabiano"]
[Result "0-1"]
[WhiteElo "2843"]
[BlackElo "2814"]
[Annotator "TA"]
[PlyCount "92"]
[EventDate "2018.05.26"]
[EventType "tourn"]
[EventCountry "NOR"]

{[%evp 10,92,0,0,33,0,24,0,0,0,0,0,0,-17,0,-27,-25,-34,-13,-13,-4,-116,-56,-76,-81,-99,-77,-81,-87,-79,-48,-138,-138,-124,-134,-127,-135,-163,-160,-151,-154,-179,-163,-248,-137,-124,-85,-72,0,-171,0,-114,-79,-81,-81,-98,-66,-165,-172,-148,-145,-126,-136,-263,-258,-309,-315,-280,-268,-327,-319,-551,-413,-413,-385,-545,-545,-575,-494,-512,-503,-487,-458,-567,-559]} 1. e4 c5 2. Nf3 e6 3. d4 cxd4 4. Qxd4 Nc6 5. Qd3 (5. Qe3 b6 6. Nc3 Bc5 7. Qg5 Qxg5 8. Bxg5 Nf6 9. Bd3 Bb7 10. a3 O-O 11. Bh4 Nd4 12. Nd2 {0-1 (22) Artemiev,V (2663)-Dubov,D (2648) Sochi 2016}) 5... Nf6 6. Nc3 {LiveBook: 4 Partien. B40: Sizilianisch (Klassisches System mit e7-e6)} Bb4 7. Bd2 O-O 8. Be2 {Weiß hat minimalen Vorteil.} d5 9. exd5 exd5 10. O-O h6 $146 ({Vorgänger:} 10... Re8 11. Rfe1 d4 12. Nb5 {0-1 (25) Zeni,P (1000)-De Donatis,D (1126) SEMI email 1999}) 11. Rfe1 Be6 12. Bf1 Qd7 13. Nd4 Rac8 14. Nxc6 bxc6 {[%cal Bb7c6,Bc6c5][%mdl 32]} 15. Rad1 (15. Ne4 $11 Be7 16. Nxf6+ Bxf6 17. c3) 15... Bd6 ({Günstiger ist} 15... Bf5 $17 16. Qd4 c5) 16. h3 Bf5 17. Qd4 c5 18. Qh4 d4 $1 {[%cal Bd5d4,Bd4d3][%mdl 32]} 19. Nb5 Be7 20. Qg3 (20. Re5 $15) 20... Ne4 $17 21. Qf3 Nxd2 22. Rxd2 {Droht Txe7! und aus.} Bg5 23. Rde2 d3 $1 {[%cal Rd3e2]} ({Keinesfalls} 23... Qxb5 24. Qxf5 Qxb2 25. g3 $17) 24. cxd3 Bxd3 25. Re7 Bxe7 26. Bxd3 (26. Qxd3 $142 Qxd3 27. Bxd3) 26... g6 ({Lieber} 26... c4 $19 27. Bf5 Qxb5 28. Rxe7 Rcd8) 27. Bc4 Kg7 28. Rd1 Qc6 (28... Qe8 $17 {Weiss muss nun ...Td8 beachten.} 29. Re1 (29. Nxa7 Rd8 $17) 29... Qd8 30. Nxa7 Rc7) 29. Qe2 $2 (29. Qxc6 $1 $11 {und Weiss steht sicher.} Rxc6 30. Rd7) 29... Qf6 $2 (29... Rcd8 $19 {...Txd1+ ist eine echte Drohung.} 30. b3 Rxd1+ 31. Qxd1 Rd8) 30. Nxa7 (30. Rd7 $11 {war der einzige Weg, das Gleichgewicht zu behalten.} Rfe8 31. Nc7 Rxc7 32. Rxc7) 30... Ra8 31. Nb5 Rad8 {Und weiter mit ...Txd1+ wäre nett.} 32. Re1 Bd6 33. Qc2 ({Besser ist} 33. g3 $15) 33... Rfe8 $19 34. Rf1 Bb8 35. b3 h5 $40 {[%mdl 128] Schwarz hat starken Angriff.} 36. Nc3 (36. a4 $17) 36... Qe5 {[%csl Gb8][%cal Re5h2]} 37. g3 {[#]} h4 $1 {[%cal Rh4g3][%mdl 512]} 38. Ne2 (38. gxh4 Qh2#) 38... hxg3 39. fxg3 {[#]} Qe3+ $1 40. Kh1 $2 (40. Rf2 {ist der einzige Weg für Weiss..} Bxg3 41. Qc3+ Qxc3 42. Rxf7+ Kh6 43. Nxc3) 40... Rd2 41. Qc3+ Qxc3 42. Nxc3 (42. Rxf7+ $142 Kh6 43. Nxc3) 42... f5 {[%cal Bf7f5,Bf5f4][%mdl 32] Schwarz steht klar auf Gewinn.} 43. Rg1 Re3 44. Nd5 Rxg3 45. Rxg3 Bxg3 46. a4 f4 {Precision: Weiß = 28%, Schwarz = 63%.} 0-1

[Event "6th Altibox Norway Chess 2018 Blitz"]
[Site "Stavanger"]
[Date "2018.05.27"]
[Round "9.5"]
[White "So, Wesley"]
[Black "Vachier-Lagrave, Maxime"]
[Result "1/2-1/2"]
[WhiteElo "2824"]
[BlackElo "2839"]
[Annotator "TA"]
[PlyCount "124"]
[EventDate "2018.05.26"]
[EventType "tourn"]
[EventCountry "NOR"]

{[%evp 17,124,24,39,0,11,9,9,13,10,27,24,10,24,8,19,15,76,23,38,-8,-8,-8,-8,-8,-8,-9,79,-25,-22,-84,-86,-88,-85,-80,-83,-104,-92,-891,-890,-857,-807,-747,-83,-94,-68,-82,-17,-17,0,-41,-41,-41,-41,-41,-41,-41,-41,-41,-41,-41,-41,-41,-41,-41,-41,-41,-41,-41,-41,-41,-41,-41,-41,-41,0,-41,-41,-41,-41,-41,-41,-41,-41,-41,-41,-41,-41,-41,-41,-41,-41,-41,-41,-41,-41,-41,-41,-41,-41,-41,0,-41,-4,-41,-41,-46,-8,-46,0]} 1. d4 Nf6 2. c4 g6 3. g3 Bg7 4. Bg2 O-O 5. Nc3 Nc6 6. Nf3 d5 7. cxd5 Nxd5 8. O-O Bf5 {D74: Fianchetto Grünfeld: Main Line (5 Nf3 0-0 6 cxd5 Nxd5 7 0-0)} (8... e5 9. Nxe5 Nxc3 10. Nxc6 Nxd1 11. Nxd8 Rxd8 12. Rxd1 Rxd4 13. Be3 Rxd1+ 14. Rxd1 Bf6 15. Bd4 Bxd4 16. Rxd4 {½-½ (41) Mamedyarov,S (2814)-Carlsen,M (2843) Shamkir 2018}) 9. Nh4 Be6 {LiveBook: 7 Games} 10. Nf3 Nb6 {The position is equal.} 11. e3 Bc4 $146 ({Predecessor:} 11... Qd7 12. Ne4 Bf5 13. Nc5 Qc8 14. Nh4 Rb8 15. Nxf5 Qxf5 16. Nxb7 Nb4 17. Nc5 Rbd8 18. a3 Qc2 19. axb4 {1-0 (19) Ross,D (2368)-McKay,T Edmonton 2000}) 12. Re1 e5 13. Nxe5 Nxe5 14. dxe5 Bxe5 15. Bxb7 Rb8 16. Bg2 Qe7 (16... Qxd1 $11 {remains equal.} 17. Nxd1 Na4) 17. e4 $16 Rfd8 18. Nd5 Nxd5 19. exd5 Qf6 20. Qc2 Bxb2 {aiming for ...Qc3.} 21. Rb1 $1 $132 {[%mdl 2048] White is not keeping still} Bd4 {[#]} (21... Qc3 $11 22. Qd1 Bxa2 23. Bxb2 Rxb2 24. Rxb2 Qxb2) 22. Be3 ({Better is} 22. Rxb8 $1 $16 Rxb8 23. Bf4) 22... Bxe3 $11 23. Rxe3 (23. fxe3 $11 Rxb1 24. Rxb1 Bxd5 25. Bxd5 Rxd5 26. Qxc7) 23... Rxb1+ $17 24. Qxb1 Bxd5 25. Bxd5 Rxd5 $11 {[%mdl 4096] Endgame KQR-KQR} 26. Qb8+ Kg7 {Strongly threatening ...Rd2.} 27. Qxa7 $2 {[%mdl 8192]} (27. Qb4 $17) 27... Rd1+ $19 28. Kg2 Qc6+ 29. Kh3 Rd2 $2 (29... Qd7+ $19 {is more deadly.} 30. g4 h5) 30. Re7 Qf6 31. Qxc7 {And now Rxf7+! would win.} Qf5+ ({Much worse is} 31... Qxf2 $6 {[#]} 32. Rxf7+ $1 {[%mdl 512]} Qxf7 33. Qc3+ Qf6 34. Qxd2 $11) (31... Rxf2 $17 32. Qe5 h5 33. Qxf6+ Kxf6) 32. g4 $11 Qxf2 33. Qe5+ (33. Rxf7+ $5 Qxf7 34. Qc3+ Qf6 35. Qxd2 $14) 33... Kh6 {( -> ...Qf3+)} 34. Qe3+ Qxe3+ 35. Rxe3 Rxa2 $15 {KR-KR} 36. Kg3 Kg7 37. h4 Ra5 38. g5 h6 39. Kg4 Ra4+ 40. Kg3 h5 41. Kh3 Kf8 42. Kg3 Rd4 43. Kh3 Rd6 44. Kg3 Re6 45. Ra3 Re4 46. Kh3 Ke7 47. Kg3 Rg4+ 48. Kh3 Rd4 49. Re3+ Kd6 50. Rf3 Ke6 51. Rf6+ Ke7 52. Rf3 $1 Rd7 53. Kg3 Ke6 54. Rf6+ Ke5 55. Rf3 Ke4 56. Rf4+ Ke3 57. Rf3+ Kd4 58. Rf4+ Kc3 59. Rf6 Re7 60. Rf3+ Kd4 61. Rf4+ Kd3 62. Rf6 Re3+ {Precision: White = 54%, Black = 53%.} 1/2-1/2